000 00526nam a2200205Ia 4500
003 GCL
008 140319s9999 xx 000 0 aFre d
020 _a3822896802
040 _aGCL /
_cGCL
082 0 4 _a759
_bK G
100 1 _aKRANZFELDER, IVO
245 1 0 _aGEORGE GROSZ, 1893-1959 /
_cKRANZFELDER, IVO
260 _aالمانيا :
_bTASCHEN ،
_c1994
300 _a96 P
_bILL. ؛
_c30 cm.
650 0 4 _aARTS
650 0 4 _aPAINTING
650 0 4 _aPAINTERS
650 0 4 _aGROSZ, GEORGE 1893 - 1959
942 _2ddc
_cBK
999 _c7694
_d7694